[Event "32. Staufer-Open A-Turnier"]
[Site "Schwäbisch Gmünd"]
[Date "2020.01.02"]
[Round "2.6"]
[White "Suvorov, Alexander"]
[Black "Yankelevich, Lev"]
[Result "0-1"]
[WhiteElo "2267"]
[BlackElo "2483"]
[PlyCount "90"]
[EventDate "2020.??.??"]
[WhiteTeam "SG Porz"]
[BlackTeam "SG Speyer-Schwegenheim"]

{[%evp 0,90,30,25,30,15,58,54,35,32,41,35,38,33,54,73,87,35,86,51,111,77,93,47,
56,7,8,-37,40,-38,-61,-54,-36,-80,-106,-39,-71,-72,-9,-24,-63,-63,-63,-63,-40,
-58,14,-67,-8,-19,67,59,83,12,83,104,104,122,114,93,169,216,245,252,170,199,
169,204,200,173,205,177,177,185,177,172,169,169,238,174,189,189,200,195,217,
230,226,171,193,187,232,242,266]} 1. d4 Nf6 2. c4 g6 (2... e6 3. Nc3 Bb4 4. e3
O-O 5. Nge2 c6 6. a3 Ba5 7. Qc2 d5 8. Ng3 Nbd7 9. Be2 e5 10. O-O e4 11. cxd5
cxd5 12. Bd2 h5 13. Rfc1 h4 14. Nf1 a6 15. Na4 Bxd2 16. Nxd2 Ne8 17. Qb3 Qg5
18. Nb6 Nxb6 19. Qxb6 Bh3 20. g3 hxg3 21. hxg3 Rd8 22. Rc5 Nd6 23. Bf1 Bxf1 24.
Nxf1 g6 25. Qb3 Nf5 26. Rxd5 Rde8 27. Qd1 Kg7 28. Nd2 Rh8 29. Qf1 Qg4 30. Qg2
Rh3 31. Re5 Rxe5 32. dxe5 Nxg3 33. f3 Qh4) 3. Nc3 Bg7 4. e4 d6 5. Nf3 O-O 6.
Be2 Na6 7. O-O e5 8. Be3 c6 9. d5 Ng4 10. Bg5 f6 11. Bd2 f5 12. Ne1 Nf6 13.
exf5 gxf5 14. Nc2 cxd5 15. cxd5 f4 16. f3 Bf5 17. Na3 Nc5 18. Be1 e4 19. Nc4 e3
20. b4 Na6 21. Nb5 Ne8 22. Rc1 Qg5 23. Kh1 Rf6 24. g4 fxg3 25. Bxg3 Nxb4 26.
Qb3 Nxd5 27. Ncxd6 Be6 28. Ne4 Qh5 29. Nxf6+ Nexf6 30. Nd4 Bf7 {(=)} 31. Qxb7
Nb6 32. Nc6 Nfd5 33. Ne7+ Kh8 34. Nc8 Be6 35. Nxb6 Nxb6 36. Qe7 Qf7 37. Rc7
Qxe7 38. Rxe7 Bxa2 39. Be5 Bxe5 40. Rxe5 Nd5 41. Ra1 Nb4 42. Ra5 Bd5 43. Rb1
Na2 44. Rxd5 Nc3 45. Rbd1 Nxe2 {Rest unleserlich} 0-1

[Event "32. Staufer-Open A-Turnier"]
[Site "Schwäbisch Gmünd"]
[Date "2020.01.02"]
[Round "2.7"]
[White "Schitco, Ivan"]
[Black "Trifan, Andrei Ioan"]
[Result "1/2-1/2"]
[WhiteElo "2467"]
[BlackElo "2245"]
[PlyCount "100"]
[EventDate "2020.??.??"]
[WhiteTeam "Stuttgarter SF"]
[BlackTeam "OSG Baden-Baden"]

1. e4 e5 2. Nf3 Nc6 3. Bc4 Bc5 4. c3 Nf6 5. d4 exd4 6. e5 d5 7. Bb5 Ne4 8. cxd4
Bb6 9. Nc3 Bg4 10. h3 Bh5 11. Be3 O-O 12. Qc2 Bg6 13. Qb3 Ne7 14. O-O c6 15.
Bd3 Nd2 16. Nxd2 Bxd3 17. Rfe1 Nf5 18. Na4 Bc4 19. Qc3 Qh4 20. Nxb6 axb6 21. b3
Ba6 22. Nf3 Qh5 23. Rad1 f6 24. Bf4 fxe5 25. Bxe5 Rae8 26. Kh2 Nh4 27. Nxh4
Qxh4 28. Bg3 Qd8 29. Qd2 Rf7 30. Rxe8+ Qxe8 31. Re1 Qd8 32. Re5 Rf8 33. Re3 Qf6
34. Qb4 h5 35. Kg1 h4 36. Rf3 c5 37. Rxf6 cxb4 38. Rxf8+ Kxf8 39. Bd6+ Kf7 40.
Bxb4 Ke6 41. f3 g5 42. Kf2 Kf5 43. Bd6 Bd3 44. Bc7 b5 45. Ke3 Bf1 46. Kf2 Bd3
47. b4 Bc4 48. a3 Bd3 49. g4+ hxg3+ 50. Kxg3 Bf1 1/2-1/2

[Event "32. Staufer-Open A-Turnier"]
[Site "Schwäbisch Gmünd"]
[Date "2020.01.02"]
[Round "2.8"]
[White "Biastoch, Bennet"]
[Black "Vogel, Roven"]
[Result "0-1"]
[WhiteElo "2261"]
[BlackElo "2465"]
[PlyCount "169"]
[EventDate "2020.??.??"]
[WhiteTeam "SG Aufbau Elbe Magdeburg"]
[BlackTeam "USV TU Dresden"]

1. e4 e5 2. Nf3 Nc6 3. Bb5 a6 4. Ba4 Nf6 5. O-O Be7 6. Re1 b5 7. Bb3 O-O 8. d3
d6 9. c3 Nd7 10. Nbd2 Nc5 11. Bc2 Bg4 12. h3 Bh5 13. Nf1 Ne6 14. Ng3 Bxf3 15.
Qxf3 Bg5 16. Qg4 Bxc1 17. Raxc1 Qf6 18. Nf5 Ne7 19. Nxe7+ Qxe7 20. Rcd1 Nf4 21.
Kh2 h5 22. Qf3 Qh4 23. Qg3 Qe7 24. Qf3 g6 25. g3 Ne6 26. h4 Rad8 27. Bb3 Kg7
28. d4 exd4 29. cxd4 c5 30. dxc5 dxc5 31. Bxe6 Qxe6 32. Qc3+ Kg8 33. Qxc5 Qxa2
34. Qe5 Rde8 35. Qf6 Re6 36. Qc3 Qc4 37. Qxc4 bxc4 38. Rd4 Rb8 39. Re2 Rc6 40.
Rc2 Rb4 41. Kg2 Kg7 42. f4 a5 43. Rd5 a4 44. Rd4 Kf6 45. Kf2 Ke6 46. Kf1 Ke7
47. Ke1 Rc7 48. Kf1 Rb3 49. Kg2 Rd7 50. Rdxc4 a3 51. bxa3 Rdd3 52. f5 Rxg3+ 53.
Kf2 gxf5 54. exf5 Rxa3 55. f6+ Ke6 56. Rc6+ Kf5 57. R2c5+ Kg6 58. Rc4 Raf3+ 59.
Ke2 Rxf6 60. Rc8 Re6+ 61. Kf2 Rg4 62. R4c5 Rf6+ 63. Ke3 Rxh4 64. Rg8+ Kh7 65.
Rg2 Rg6 66. Rf2 Kg7 67. Rff5 Rh3+ 68. Ke2 h4 69. Rc7 Re6+ 70. Kd2 Rf6 71. Rg5+
Rg6 72. Rcc5 Rxg5 73. Rxg5+ Kh6 74. Ra5 Rf3 75. Ke2 Rf6 76. Rb5 Kg6 77. Ra5 Rf5
78. Ra8 h3 79. Rg8+ Kh7 80. Rg1 h2 81. Rh1 Rh5 82. Kf3 Kg6 83. Kg4 f5+ 84. Kf4
Rh3 85. Ke5 0-1

[Event "32. Staufer-Open A-Turnier"]
[Site "Schwäbisch Gmünd"]
[Date "2020.01.02"]
[Round "2.9"]
[White "Beukema, Jasper"]
[Black "Buckels, Valentin"]
[Result "0-1"]
[WhiteElo "2256"]
[BlackElo "2459"]
[PlyCount "100"]
[EventDate "2020.??.??"]
[BlackTeam "SV Mülheim-Nord"]

1. d4 d5 2. Bf4 e6 3. e3 Nf6 4. Nd2 Bd6 5. Bg3 c5 6. c3 Qc7 7. Ngf3 Nbd7 8. Bd3
b6 9. e4 Bxg3 10. hxg3 dxe4 11. Nxe4 Bb7 12. Nxf6+ Nxf6 13. Qa4+ Ke7 14. Qa3
Rhd8 15. O-O-O h6 16. dxc5 Qxc5 17. Qxc5+ bxc5 18. Rh4 Rd6 19. Ra4 a6 20. Ne5
Bxg2 21. f3 Rd5 22. Re1 Nd7 23. Nxd7 Rxd3 24. Ne5 Rd5 25. Rh4 f6 26. Nc4 Rd3
27. Rhe4 e5 28. R4e3 Rad8 29. Kc2 Rxe3 30. Rxe3 Kf7 31. Nd2 h5 32. Re2 Bh3 33.
Rh2 Bf5+ 34. Kd1 g6 35. Ke1 Rb8 36. b3 Rd8 37. Rh4 Bd3 38. Kf2 g5 39. Rh1 Kg6
40. Re1 Bf5 41. Nf1 h4 42. g4 Be6 43. Rb1 a5 44. Rb2 Rd3 45. Rc2 f5 46. gxf5+
Bxf5 47. Rc1 e4 48. fxe4 Bxe4 49. Re1 Kf5 50. Ne3+ Kf4 0-1

[Event "32. Staufer-Open A-Turnier"]
[Site "Schwäbisch Gmünd"]
[Date "2020.01.02"]
[Round "2.10"]
[White "Perske, Thore"]
[Black "Krämer, Enrico"]
[Result "1-0"]
[WhiteElo "2440"]
[BlackElo "2241"]
[PlyCount "81"]
[EventDate "2020.??.??"]
[WhiteTeam "SF 1903 Berlin"]
[BlackTeam "SG Speyer-Schwegenheim"]

1. Nf3 d5 2. g3 Nf6 3. Bg2 g6 4. b3 Bg7 5. Bb2 O-O 6. c4 dxc4 7. bxc4 c5 8. O-O
Nc6 9. Ne5 Nxe5 10. Bxe5 Ne8 11. Bxg7 Kxg7 12. Nc3 Qd4 13. Qb3 Rb8 14. e3 Qd7
15. Rad1 b6 16. d4 cxd4 17. Rxd4 Qf5 18. Qa3 Nd6 19. Qxa7 Bb7 20. Bxb7 Rxb7 21.
Qa6 Qa5 22. Qxa5 bxa5 23. c5 Rc7 24. cxd6 Rxc3 25. dxe7 Re8 26. a4 Rc5 27. Rfd1
Rxe7 28. Rd5 Re5 29. Rxe5 Rxe5 30. Rd6 g5 31. g4 Rc5 32. Kg2 Kf8 33. Kg3 Ke7
34. Ra6 Kf8 35. h4 gxh4+ 36. Kxh4 Kg7 37. Kg3 h5 38. gxh5 Rxh5 39. Kf3 f6 40.
Ke4 Kf7 41. f4 1-0

[Event "32. Staufer-Open A-Turnier"]
[Site "Schwäbisch Gmünd"]
[Date "2020.01.02"]
[Round "2.11"]
[White "Pap, Misa"]
[Black "Jurek, Josef"]
[Result "1/2-1/2"]
[WhiteElo "2427"]
[BlackElo "2235"]
[PlyCount "99"]
[EventDate "2020.??.??"]
[WhiteTeam "SF Augsburg"]
[BlackTeam "SG Schwäbisch Gmünd"]

1. e4 e6 2. d4 d5 3. Nd2 Be7 4. Ngf3 Nf6 5. e5 Nfd7 6. c3 c5 7. Bd3 b6 8. O-O
Ba6 9. Bxa6 Nxa6 10. Re1 b5 11. Nf1 O-O 12. Ng3 Rc8 13. a3 Nab8 14. Nh5 g6 15.
Nf4 Nc6 16. g3 a5 17. b3 b4 18. cxb4 axb4 19. axb4 Nxb4 20. Re2 Qc7 21. Bb2 Nc6
22. dxc5 Nxc5 23. Ba3 Ne4 24. Bxe7 Nxe7 25. Rb2 Qb6 {(=)} 26. Kg2 Rc3 27. Nd4
Nc6 28. Nxc6 Rxc6 29. f3 Nc3 30. Qd2 d4 31. h4 Rd8 32. h5 g5 33. Nd3 h6 34. Nf2
Nd5 35. Ne4 Ne3+ 36. Kh3 Qc7 37. Nf6+ Kf8 38. f4 Rc2 39. Rxc2 Qxc2 40. Qxc2
Nxc2 41. Rd1 gxf4 42. gxf4 d3 43. Rd2 Ne3 44. Ng4 Nd5 45. Kg3 Nc3 46. Nf2 Ne2+
47. Kf3 Nd4+ 48. Ke3 Nxb3 49. Rxd3 Rxd3+ 50. Nxd3 1/2-1/2

[Event "32. Staufer-Open A-Turnier"]
[Site "Schwäbisch Gmünd"]
[Date "2020.01.02"]
[Round "2.12"]
[White "Lagunow, Raphael"]
[Black "Neukirchner, Pascal"]
[Result "1/2-1/2"]
[WhiteElo "2422"]
[BlackElo "2224"]
[PlyCount "59"]
[EventDate "2020.??.??"]
[WhiteTeam "SK Zehlendorf"]
[BlackTeam "SK Gründau"]

1. e4 c5 2. Nf3 Nc6 3. d4 cxd4 4. Nxd4 g6 5. Nc3 Bg7 6. Be3 Nf6 7. Bc4 O-O 8.
Bb3 Re8 9. f3 e6 10. f4 d6 11. Ndb5 Bf8 12. O-O a6 13. Nd4 Bg7 14. Kh1 Qc7 15.
a4 b6 16. Bg1 Bb7 17. Re1 Na5 18. Nf3 Nd7 19. Bd4 e5 20. Be3 Nxb3 {(=)} 21.
cxb3 exf4 22. Bxf4 Bxc3 23. Bxd6 Qc6 24. bxc3 Rxe4 25. Rxe4 Qxe4 26. Qd2 Qg4
27. Rf1 Re8 28. Bg3 Bxf3 29. gxf3 Qf5 30. b4 1/2-1/2

[Event "32. Staufer-Open A-Turnier"]
[Site "Schwäbisch Gmünd"]
[Date "2020.01.02"]
[Round "2.13"]
[White "Högy, Kevin"]
[Black "Roseneck, Jonas"]
[Result "1/2-1/2"]
[WhiteElo "2244"]
[BlackElo "2413"]
[PlyCount "68"]
[EventDate "2020.??.??"]
[WhiteTeam "MTV Tostedt"]
[BlackTeam "SG Aufbau Elbe Magdeburg"]

1. d4 Nf6 2. Nf3 g6 3. c4 Bg7 4. Nc3 d5 5. Bf4 O-O 6. e3 c5 7. dxc5 Qa5 8. Rc1
dxc4 9. Bxc4 Qxc5 10. Bb3 Nc6 11. O-O Qh5 12. Qe2 e5 13. Bg3 e4 14. Nd4 Bg4 15.
Qb5 Nxd4 16. exd4 Qxb5 17. Nxb5 Be2 18. Nc7 Rad8 19. Rfe1 Bh6 20. Rc5 Bd3 21.
Nd5 Nxd5 22. Rxd5 Bg7 23. Be5 {(=)} b5 24. Rc1 Rxd5 25. Bxd5 Rd8 26. Bxf7+ Kxf7
27. Rc7+ Ke6 28. Bxg7 Rd7 29. Rc6+ Kf5 30. Be5 Rf7 31. b4 g5 32. Rc3 Ke6 33.
Rc6+ Kf5 34. Rc3 Ke6 1/2-1/2

[Event "32. Staufer-Open A-Turnier"]
[Site "Schwäbisch Gmünd"]
[Date "2020.01.02"]
[Round "2.14"]
[White "Lanka, Zigurds"]
[Black "Lesny, Florian"]
[Result "1-0"]
[WhiteElo "2377"]
[BlackElo "2170"]
[PlyCount "77"]
[EventDate "2020.??.??"]
[WhiteTeam "SC Viernheim"]
[BlackTeam "SK Niederbrechen"]

1. e4 c5 2. Nf3 d6 3. d4 cxd4 4. Nxd4 Nf6 5. Nc3 a6 6. Be3 e5 7. Nb3 Be6 8. h3
Be7 9. f4 exf4 10. Bxf4 Nc6 11. Qe2 Nd7 12. O-O-O Nce5 13. Kb1 O-O 14. g4 Rc8
15. Qe3 Qc7 16. Rh2 Nb6 17. Qg3 Nbc4 18. g5 b5 19. Nd5 Qa7 20. Nd4 Rfd8 21. h4
Bf8 22. h5 Rc5 23. Nf5 Bxd5 24. exd5 Qb7 25. Bg2 b4 26. Be4 Rdc8 27. Bxe5 Nxe5
28. Nd4 Nc4 29. g6 fxg6 30. hxg6 h6 31. Bf5 Re8 32. Be6+ Kh8 33. Rf1 Ne5 34.
Nc6 Rxc6 35. dxc6 Qe7 36. Rhf2 Nxc6 37. Rf7 Qd8 38. Qf4 Be7 39. Qxh6+ 1-0

[Event "32. Staufer-Open A-Turnier"]
[Site "Schwäbisch Gmünd"]
[Date "2020.01.02"]
[Round "2.15"]
[White "Wachinger, Nikolas"]
[Black "Hacker, Jonas"]
[Result "1-0"]
[WhiteElo "2232"]
[BlackElo "2375"]
[PlyCount "79"]
[EventDate "2020.??.??"]
[WhiteTeam "SV Werder Bremen"]
[BlackTeam "SC Eppingen"]

1. d4 d5 2. c4 e6 3. Nc3 Bb4 4. a3 Bxc3+ 5. bxc3 c5 6. cxd5 exd5 7. e3 Nc6 8.
Bd3 Nge7 9. Ne2 c4 10. Bc2 Bf5 11. a4 Bxc2 12. Qxc2 Na5 13. Ba3 Nb3 14. Ra2 O-O
15. O-O Re8 16. Ng3 Qd7 17. f3 Ng6 18. Nf5 Re6 19. g3 Rae8 20. e4 dxe4 21. fxe4
Ra6 22. e5 f6 {(=)} 23. Nd6 Rxd6 24. exd6 Qxa4 25. Qg2 Qb5 26. Re2 Rd8 27. Rfe1
h6 28. Re6 Kh7 29. Qe4 Qh5 30. Qe3 f5 31. Qe2 Qh3 32. d7 Rxd7 33. Rxg6 Kxg6 34.
Qe6+ Kh5 35. Qxd7 Nd2 36. Qxb7 Kg4 37. Qxg7+ Kf3 38. Qb7+ Kg4 39. Kf2 Ne4+ 40.
Rxe4+ 1-0

[Event "32. Staufer-Open A-Turnier"]
[Site "Schwäbisch Gmünd"]
[Date "2020.01.02"]
[Round "2.16"]
[White "Weiss, Andreas"]
[Black "Wenninger, Philipp"]
[Result "1/2-1/2"]
[WhiteElo "2193"]
[BlackElo "2366"]
[PlyCount "95"]
[EventDate "2020.??.??"]
[WhiteTeam "SG Schwäbisch Gmünd"]
[BlackTeam "TSV Schönaich"]

1. e4 c6 2. d4 d5 3. e5 Bf5 4. Nf3 e6 5. Be2 Ne7 6. O-O c5 7. c3 Nd7 8. Nh4 Be4
9. Nd2 Nc6 10. Nhf3 cxd4 11. cxd4 Qb6 12. Nb3 Be7 13. Be3 O-O 14. Bd3 a5 15. a4
Bxd3 16. Qxd3 Nb4 17. Qd2 Rfc8 18. Rfc1 Rxc1+ 19. Qxc1 Qd8 20. Qd1 Rc8 21. Rc1
Rc4 22. Nbd2 Rc6 23. Ne1 Qb6 24. Nb3 Nc2 25. Rxc2 Qxb3 26. Rd2 Qb6 27. Nd3 Qc7
28. g3 Nb8 29. Ne1 Rc1 30. Qe2 Ra1 31. Kg2 Rxa4 32. b3 Rb4 33. Rd3 Rb6 34. h4
Rc6 35. h5 b5 36. Qg4 Rc3 37. Bh6 g6 38. hxg6 hxg6 39. Rxc3 Qxc3 40. Bg5 Bxg5
41. Qxg5 Nc6 42. Nf3 Qc2 43. g4 Kf8 44. Qf6 Ke8 45. Ng5 Nd8 46. Qh8+ Ke7 47.
Qf6+ Ke8 48. Qh8+ 1/2-1/2

[Event "32. Staufer-Open A-Turnier"]
[Site "Schwäbisch Gmünd"]
[Date "2020.01.02"]
[Round "2.17"]
[White "Tscharotschkin, Michael"]
[Black "Farmani Anosheh, Armin"]
[Result "1/2-1/2"]
[WhiteElo "2156"]
[BlackElo "2353"]
[PlyCount "56"]
[EventDate "2020.??.??"]
[WhiteTeam "SF Neckartenzlingen"]
[BlackTeam "SK Ladenburg"]

1. d4 Nf6 2. Bf4 d5 3. e3 c5 4. c3 Nc6 5. Nd2 e6 6. Bd3 Bd6 7. Bxd6 Qxd6 8. f4
cxd4 9. cxd4 Bd7 10. a3 h6 11. Ngf3 g5 12. g3 Rg8 13. Qe2 Rc8 14. Rc1 Ke7 15.
fxg5 hxg5 16. O-O Rg7 17. b4 Rh8 18. b5 Na5 19. Ne5 Be8 20. Rc8 Rh6 21. Rfc1 {
(=)} Bd7 22. R8c7 Qxa3 23. Rxd7+ Nxd7 24. Rc7 f5 25. Rxd7+ Kf8 26. Rd8+ Ke7 27.
Rd7+ Kf8 28. Rd8+ Ke7 1/2-1/2

[Event "32. Staufer-Open A-Turnier"]
[Site "Schwäbisch Gmünd"]
[Date "2020.01.02"]
[Round "2.18"]
[White "Ruff, Maximilian"]
[Black "Dahl, Christoph"]
[Result "0-1"]
[WhiteElo "2338"]
[BlackElo "2137"]
[PlyCount "74"]
[EventDate "2020.??.??"]
[WhiteTeam "SF Sasbach"]
[BlackTeam "SG Grün-Weiß Dresden"]

1. d4 Nf6 2. c4 g6 3. Nc3 Bg7 4. e4 d6 5. Be2 O-O 6. Be3 e5 7. d5 a5 8. g4 Na6
9. h4 Nc5 10. f3 h6 11. Qd2 Kh7 12. g5 Nh5 13. gxh6 Bf6 14. O-O-O Bxh4 15. Bf1
Ng3 16. Rh2 f5 17. Bg2 fxe4 18. fxe4 Bg4 19. Re1 Kh8 20. Kb1 a4 21. Nh3 Nf5 22.
Bxc5 Bxe1 23. Qxe1 Nh4 24. Ng1 Nxg2 25. Rxg2 dxc5 26. Rxg4 Qf6 27. Nh3 a3 28.
b3 Qf1 29. Qxf1 Rxf1+ 30. Kc2 Rh1 31. Rg3 Rf8 32. Ng1 Rf2+ 33. Kd3 Kh7 34. Nf3
Rh5 35. Ke3 Rc2 36. Kd3 Rb2 37. Ke3 Kxh6 {Rest nicht rekonstruierbar} 0-1

[Event "32. Staufer-Open A-Turnier"]
[Site "Schwäbisch Gmünd"]
[Date "2020.01.02"]
[Round "2.19"]
[White "Köllner, Ruben Gideon"]
[Black "Amtmann, Florian"]
[Result "1-0"]
[WhiteElo "2328"]
[BlackElo "2118"]
[PlyCount "45"]
[EventDate "2020.??.??"]
[WhiteTeam "SF Deizisau"]
[BlackTeam "Spvgg Stetten"]

1. d4 Nf6 2. Bg5 d5 3. e3 c5 4. Bxf6 gxf6 5. dxc5 Qa5+ 6. Nd2 e6 7. c4 dxc4 8.
Bxc4 Bxc5 9. a3 Be7 10. b4 Qg5 11. Rc1 Nc6 12. Ngf3 Qxg2 13. Rg1 Qh3 14. b5 Na5
15. Bf1 Qh6 16. Qa4 b6 17. Nd4 Qf8 18. Bg2 Nb7 19. Rxc8+ Rxc8 20. Bxb7 Rc1+ 21.
Ke2 Bxa3 22. Rxc1 Bxc1 23. Bc6+ 1-0

[Event "32. Staufer-Open A-Turnier"]
[Site "Schwäbisch Gmünd"]
[Date "2020.01.02"]
[Round "2.20"]
[White "Dietz, Florian"]
[Black "Unzicker, Ferdinand"]
[Result "0-1"]
[WhiteElo "2116"]
[BlackElo "2322"]
[PlyCount "102"]
[EventDate "2020.??.??"]
[WhiteTeam "Reideburger SV"]
[BlackTeam "FC Bayern München"]

1. e4 c5 2. Nf3 d6 3. d4 cxd4 4. Nxd4 Nf6 5. Nc3 Nc6 6. Bc4 Na5 7. Be2 e6 8.
Be3 Be7 9. O-O a6 10. f4 Qc7 11. Qe1 O-O 12. Qg3 b5 13. e5 Ne8 14. Bf3 Bb7 15.
Bxb7 Qxb7 16. b3 Rc8 17. Nce2 g6 18. a4 b4 19. f5 dxe5 20. fxg6 hxg6 21. Qxe5
Rc5 22. Qg3 Qc7 23. Qh3 Rh5 24. Qg3 Qxg3 25. Nxg3 Re5 26. Rae1 Nf6 27. Kh1 Nd5
28. Bf2 Rxe1 29. Rxe1 Rc8 30. h3 Bf6 31. Ne4 Bxd4 32. Bxd4 Rxc2 33. Nf6+ Kf8
34. Bc5+ Kg7 35. Nxd5 Rxc5 36. Nxb4 Nxb3 37. Re3 Nd4 38. Nxa6 Ra5 39. Nc7 Rxa4
40. Re4 Ra1+ 41. Kh2 Nf5 42. Rb4 Ra7 43. Ne8+ Kf8 44. Nf6 Ke7 45. Ne4 Nd6 46.
Nd2 e5 47. Kg3 Ke6 48. Kf2 Kd5 49. h4 f5 50. Rb6 Ra2 51. Ke1 Rxd2 0-1

[Event "32. Staufer-Open A-Turnier"]
[Site "Schwäbisch Gmünd"]
[Date "2020.01.02"]
[Round "2.21"]
[White "Hahn, Florian"]
[Black "Chittka, Julius"]
[Result "1/2-1/2"]
[WhiteElo "2106"]
[BlackElo "2304"]
[PlyCount "33"]
[EventDate "2020.??.??"]
[WhiteTeam "SC Herborn"]
[BlackTeam "SF Düsseldorf-Süd"]

1. Nf3 c5 2. c4 Nc6 3. g3 g6 4. Bg2 Bg7 5. Nc3 e5 6. O-O d6 7. a3 Nge7 8. b4
Be6 9. Qb3 b5 10. d3 Rb8 11. Ng5 bxc4 12. dxc4 cxb4 13. Nxe6 fxe6 14. axb4 Rxb4
15. Qa2 O-O 16. Ba3 Rb7 17. Rad1 1/2-1/2

[Event "32. Staufer-Open A-Turnier"]
[Site "Schwäbisch Gmünd"]
[Date "2020.01.02"]
[Round "2.23"]
[White "Burmakin, Vladimir"]
[Black "Grill, Bernd"]
[Result "1/2-1/2"]
[WhiteElo "2519"]
[BlackElo "2094"]
[PlyCount "131"]
[EventDate "2020.??.??"]
[WhiteTeam "SF 90 Spraitbach"]
[BlackTeam "SV Ebersbach"]

1. d4 Nf6 2. Nf3 d5 3. g3 e6 4. Bg2 b5 5. Qd3 a6 6. a4 b4 7. O-O Nbd7 8. Nfd2
a5 9. Re1 Ba6 10. Qf3 Be7 11. e4 O-O 12. exd5 exd5 13. Nb3 Bb7 14. Bf4 Ne4 15.
N1d2 Re8 16. Qd1 Bd6 17. Bxd6 cxd6 18. f3 Nef6 19. c3 Qb6 20. Rxe8+ Rxe8 21.
Bf1 bxc3 22. bxc3 Rc8 23. Rb1 Bc6 24. Qc1 Qa7 25. Qa3 Ne8 26. Nc1 Nb6 27. Bb5
Qd7 28. Kf2 Nc7 29. Bxc6 Qxc6 30. Ra1 Ne6 {(=)} 31. Ne2 h6 32. Qb3 Rc7 33. Qc2
Rb7 34. Rb1 Nc4 35. Rxb7 Qxb7 36. Nxc4 dxc4 37. Qf5 Ng5 38. h4 g6 39. Qf6 Ne6
40. h5 gxh5 41. Qxh6 Qd5 42. Nf4 Nxf4 43. gxf4 Qf5 44. Kg3 f6 45. Kh4 d5 46.
Kg3 Kf7 47. Qh8 Ke7 48. Qg7+ Kd8 49. Qh6 Ke7 50. Kh4 Kd6 51. Qf8+ Kd7 52. Qf7+
Kd6 53. Qxh5 Qxf4+ 54. Kh3 Qe3 55. Qf5 Qxc3 56. Qxf6+ Kd7 57. Qf5+ Kd6 58. Qe5+
Kc6 59. Qe6+ Kc7 60. Qe7+ Kc8 61. Qc5+ Kb8 62. Qxd5 Qd3 63. Qd8+ Kb7 64. Qd7+
Kb8 65. Qd8+ Kb7 66. Qd7+ 1/2-1/2

[Event "32. Staufer-Open A-Turnier"]
[Site "Schwäbisch Gmünd"]
[Date "2020.01.02"]
[Round "2.24"]
[White "Krassowizkij, Jaroslaw"]
[Black "Stock, Jörg"]
[Result "1-0"]
[WhiteElo "2462"]
[BlackElo "2214"]
[PlyCount "105"]
[EventDate "2020.??.??"]
[WhiteTeam "TSV Schönaich"]
[BlackTeam "SV Hellern"]

1. c4 Nf6 2. g3 e6 3. Bg2 d5 4. Nf3 Be7 5. O-O O-O 6. b3 b6 7. Bb2 c5 8. e3 Bb7
9. Nc3 Qc8 10. Qe2 dxc4 11. bxc4 Nc6 12. d3 Rd8 13. Ne1 a6 14. f4 Ne8 15. g4
Nd6 16. a4 Rb8 17. Nf3 Nb4 18. e4 f6 19. f5 Nf7 20. Rad1 Bd6 21. g5 Ne5 22.
gxf6 gxf6 23. fxe6 Qxe6 24. Nd5 Nxd5 25. exd5 Qg4 26. Rde1 Re8 27. Nxe5 Qxe2
28. Rxe2 Bxe5 29. Bxe5 fxe5 30. Rf6 Bc8 31. Rb2 b5 32. axb5 axb5 33. Be4 b4 34.
Rc6 Bh3 35. Rxc5 Rf8 36. Bg2 Bf5 37. Rb5 Ra8 38. Rf2 Bxd3 39. Rxf8+ Kxf8 40.
Rxb4 Ra1+ 41. Kf2 Ra2+ 42. Kg3 Ke7 43. c5 Bf5 44. Be4 Ra3+ 45. Kf2 Ra2+ 46. Ke3
Bg4 47. Bxh7 Rxh2 48. Rxg4 Rxh7 49. Ke4 Kf6 50. d6 Rh1 51. c6 Re1+ 52. Kd5 Kf5
53. Rc4 1-0

[Event "32. Staufer-Open A-Turnier"]
[Site "Schwäbisch Gmünd"]
[Date "2020.01.02"]
[Round "2.25"]
[White "Bluhm, Sonja Maria"]
[Black "Velicka, Petr"]
[Result "0-1"]
[WhiteElo "2183"]
[BlackElo "2424"]
[PlyCount "74"]
[EventDate "2020.??.??"]
[WhiteTeam "SV Hofheim"]
[BlackTeam "SG Schwäbisch Gmünd"]

1. e4 c6 2. d4 d5 3. exd5 cxd5 4. Bd3 Nc6 5. c3 Nf6 6. Nf3 Bg4 7. O-O e6 8. Bf4
Bd6 9. Bxd6 Qxd6 10. Nbd2 O-O 11. Qe1 Nd7 12. Qe3 Rab8 13. Rae1 Bxf3 14. Nxf3
b5 15. Ne5 Ncxe5 16. dxe5 Qc5 17. Qh3 g6 18. Kh1 b4 19. cxb4 Qxb4 20. b3 Rfc8
21. Re3 Qa3 22. f4 Rc1 23. Ref3 Rxf1+ 24. Rxf1 Qxa2 25. f5 exf5 26. Bxf5 Nxe5
27. Qe3 Re8 28. Bd7 Re7 29. Ba4 Qa3 30. Qd4 Qd6 31. Rd1 Nc6 32. Qg4 Nb4 33. h3
a5 34. Qd4 Qg3 35. Qd2 Re3 36. Rc1 Qe5 37. Bb5 Kg7 0-1

[Event "32. Staufer-Open A-Turnier"]
[Site "Schwäbisch Gmünd"]
[Date "2020.01.02"]
[Round "2.27"]
[White "Skembris, Spyridon"]
[Black "Gheng, Josef"]
[Result "1/2-1/2"]
[WhiteElo "2415"]
[BlackElo "2201"]
[PlyCount "46"]
[EventDate "2020.??.??"]
[WhiteTeam "SC Grunbach"]
[BlackTeam "SK Wernau"]

1. c4 Nf6 2. g3 e6 3. Nf3 d5 4. Bg2 Nbd7 5. b3 b6 6. Bb2 Bb7 7. O-O Be7 8. cxd5
Bxd5 9. Nc3 Bb7 10. Rc1 c5 11. d3 Rc8 12. e4 O-O 13. Qe2 Qc7 14. d4 Qb8 15. d5
exd5 16. exd5 Rfe8 17. Rfe1 Nxd5 18. Nxd5 Bxd5 19. Qd3 Bxf3 20. Qxd7 Bxg2 21.
Rxe7 Rxe7 22. Qxe7 Ba8 23. Bxg7 Qb7 1/2-1/2

[Event "32. Staufer-Open A-Turnier"]
[Site "Schwäbisch Gmünd"]
[Date "2020.01.02"]
[Round "2.28"]
[White "Baskin, Robert"]
[Black "Yi, Danny"]
[Result "1-0"]
[WhiteElo "2406"]
[BlackElo "2182"]
[PlyCount "97"]
[EventDate "2020.??.??"]
[WhiteTeam "Wiesbadener SV"]
[BlackTeam "SF Kornwestheim"]

1. e4 e5 2. Nf3 Nc6 3. Bb5 a6 4. Ba4 Nf6 5. O-O Be7 6. Re1 b5 7. Bb3 d6 8. c3
O-O 9. h3 Nb8 10. d4 Nbd7 11. c4 c6 12. Nc3 Bb7 13. a3 h6 14. Be3 Re8 15. dxe5
dxe5 16. Qc2 Bf8 17. Rad1 Rc8 18. Nh4 Qc7 19. Nf5 Nc5 20. Ba2 Ne6 21. f3 Qb8
22. Qf2 Ba8 23. c5 Rcd8 24. b4 Bb7 25. Qh4 Nh7 26. Bxe6 fxe6 27. Nd6 Bxd6 28.
cxd6 Rxd6 29. Rxd6 Qxd6 30. Rd1 Qc7 31. Bc5 Nf6 32. Bd6 Qb6+ 33. Kh2 Bc8 34.
Bxe5 Nd7 35. Qg3 Nxe5 36. Qxe5 Rd8 37. Rxd8+ Qxd8 38. Qb8 Kh7 39. e5 Qd4 40.
Ne4 h5 41. Qxc8 Qxe5+ 42. Kg1 Qd4+ 43. Kf1 Qa1+ 44. Ke2 Qb2+ 45. Ke3 Qc1+ 46.
Kd4 Qxa3 47. Qxe6 Qxb4+ 48. Ke5 Qb2+ 49. Kf5 1-0

[Event "32. Staufer-Open A-Turnier"]
[Site "Schwäbisch Gmünd"]
[Date "2020.01.02"]
[Round "2.29"]
[White "Kuipers, Dustin"]
[Black "Nguyen, Alex Dac-Vuong"]
[Result "0-1"]
[WhiteElo "2164"]
[BlackElo "2401"]
[PlyCount "48"]
[EventDate "2020.??.??"]
[WhiteTeam "SV Mülheim-Nord"]
[BlackTeam "SG Leipzig"]

1. Nf3 c5 2. c4 Nf6 3. g3 d5 4. Bg2 Nc6 5. O-O e5 6. cxd5 Nxd5 7. Nc3 Nc7 8. d3
Be7 9. Nd2 Bd7 10. a4 O-O 11. Nc4 f6 12. f4 exf4 13. Bxf4 Be6 14. Bxc7 Qxc7 15.
Bd5 Qd7 16. e4 Nb4 17. Bxe6+ Qxe6 18. Ne3 Bd6 19. Kg2 Be5 20. Rc1 Bd4 21. Ned5
Bxc3 22. Nxc3 Rad8 23. Rf3 Rd7 24. Ne2 Nxd3 0-1

[Event "32. Staufer-Open A-Turnier"]
[Site "Schwäbisch Gmünd"]
[Date "2020.01.02"]
[Round "2.31"]
[White "Das, Soham"]
[Black "Pfatteicher, Lukas"]
[Result "1/2-1/2"]
[WhiteElo "2355"]
[BlackElo "2179"]
[PlyCount "69"]
[EventDate "2020.??.??"]
[WhiteTeam "SK Tarrasch München"]
[BlackTeam "Karlsruher SF"]

1. e4 c6 2. d4 d5 3. e5 Bf5 4. Be2 e6 5. Nf3 Ne7 6. Nbd2 Nd7 7. Nb3 Qc7 8. O-O
c5 9. dxc5 Nxc5 10. Nxc5 Qxc5 11. Be3 Qc7 12. Bb5+ Nc6 13. Nd4 Be4 14. c4 dxc4
15. Qa4 Be7 16. Qxc4 Bd5 17. Qc3 O-O 18. Rac1 Rfc8 19. Rfd1 a6 20. Ba4 Qb8 21.
Nxc6 Bxc6 22. Bxc6 Rxc6 23. Qd4 Rxc1 24. Rxc1 Qd8 25. Qxd8+ Bxd8 26. Kf1 Kf8
27. Bc5+ Ke8 28. Bd6 Kd7 29. Bf8 g6 30. Rc3 h5 31. Rf3 Ke8 32. Bd6 Rc8 33. Rb3
b5 34. Ra3 Rc6 35. Ke1 1/2-1/2